[Event "SVK-ch U2300"]
[Site "Liptovsky Jan"]
[Date "2024.06.18"]
[Round "7"]
[White "Banoci, Jaroslav"]
[Black "Ondreicka, Roman"]
[Result "1/2-1/2"]
[WhiteElo "1890"]
[BlackElo "1756"]
[PlyCount "28"]
[EventDate "2024.06.15"]
[EventType "swiss"]
[EventRounds "8"]
[EventCountry "SVK"]
[SourceTitle "CB26_2024"]
[SourceDate "2024.06.26"]
[SourceVersion "1"]
[SourceVersionDate "2024.06.26"]
[SourceQuality "1"]

1. d4 Nf6 2. Nf3 g6 3. Bg5 Bg7 4. Nbd2 0-0 5. e4 d6 6. Bd3 Nc6 7. c3 e5 8. Rc1 h6 9. d5 hxg5 10. dxc6 g4 11. cxb7 Bxb7 12. Ng5 d5 13. h3 Bh6 14. h4 dxe4 1/2-1/2

[Event "Piestany op-B"]
[Site "Piestany"]
[Date "2023.07.18"]
[Round "8"]
[White "Ondreicka, Roman"]
[Black "Sajtlava, Igor"]
[Result "1/2-1/2"]
[WhiteElo "1432"]
[BlackElo "1593"]
[PlyCount "62"]
[EventDate "2023.07.11"]
[EventType "swiss"]
[EventRounds "9"]
[EventCountry "SVK"]
[SourceTitle "EXT 2024"]
[Source "ChessBase"]
[SourceDate "2023.10.10"]
[SourceVersion "1"]
[SourceVersionDate "2023.10.10"]
[SourceQuality "1"]

1. Nf3 d5 2. g3 Nf6 3. Bg2 c5 4. d3 Nc6 5. 0-0 e6 6. Bg5 Be7 7. Bxf6 Bxf6 8. c3 b6 9. Nbd2 Bb7 10. e4 0-0 11. Re1 Qc7 12. Qe2 g6 13. e5 Bg7 14. d4 cxd4 15. cxd4 Rfc8 16. Nb3 Qe7 17. Rac1 Bh6 18. Rc3 Nb4 19. Rxc8+ Rxc8 20. a3 Ba6 21. Qd1 Nd3 22. Re2 Nc1 23. Rc2 Rxc2 24. Qxc2 Nxb3 25. Qxb3 Qc7 26. h4 Qc4 27. Qxc4 Bxc4 28. Ng5 Bf8 29. Bf1 b5 30. f4 a5 31. Nf3 b4 1/2-1/2